[Event "44º Torneo Internacional de Ajedrez de La Roda"]
[Site "La Roda (Albacete) - ESPAÑA"]
[Date "2017.04.13"]
[Round "2"]
[Board "5"]
[White "Tudela Corbalan, Carlos"]
[Black "Vorobiov, Evgeny E."]
[Result "0-1"]
[WhiteElo "2175"]
[BlackElo "2584"]
[PlyCount "72"]
[EventDate "2017.04.12"]
[EventRounds "9"]
[EventCountry "ESP"]

1. f4 d5 2. Nf3 g6 3. g3 Bg7 4. Bg2 Nf6 5. O-O O-O 6. d3 d4 7. c3 Nc6 8. e4
dxe3 9. Bxe3 Bf5 10. d4 Qc8 11. Re1 Rd8 12. Nbd2 Ng4 13. Qe2 a5 14. Nc4 Nxe3
15. Qxe3 Be6 16. Nce5 Nxe5 17. dxe5 Bd5 18. b3 c6 19. Rad1 Qc7 20. c4 Bxf3 21.
Bxf3 e6 22. c5 Rxd1 23. Rxd1 Bf8 24. a3 Rb8 25. b4 axb4 26. axb4 b6 27. Kg2
bxc5 28. bxc5 Rb2+ 29. Kh3 Qa5 30. Qe4 Qxc5 31. Qxc6 Qf2 32. Bg2 g5 33. fxg5
Qf5+ 34. g4 Rb3+ 35. Kh4 Qf4 36. h3 Qg3+ 0-1

[Event "44º Torneo Internacional de Ajedrez de La Roda"]
[Site "La Roda (Albacete) - ESPAÑA"]
[Date "2017.04.13"]
[Round "2"]
[Board "6"]
[White "Perez Candelario, Manuel"]
[Black "Garcia Diaz, Victor"]
[Result "1-0"]
[WhiteElo "2576"]
[BlackElo "2134"]
[PlyCount "75"]
[EventDate "2017.04.12"]
[EventRounds "9"]
[EventCountry "ESP"]

1. e4 d5 2. exd5 Nf6 3. d4 Bg4 4. Bb5+ Nbd7 5. f3 Bf5 6. Nc3 a6 7. Ba4 b5 8.
Bb3 Nb6 9. Nge2 Nbxd5 10. Nxd5 Nxd5 11. O-O e6 12. Ng3 Bg6 13. f4 Be7 14. f5
exf5 15. Nxf5 Bxf5 16. Rxf5 Nf6 17. Be3 O-O 18. Qf3 Rb8 19. c3 a5 20. a3 b4 21.
cxb4 axb4 22. a4 Re8 23. Kh1 Qd6 24. Rf1 Rbd8 25. h3 Qa6 26. Bg1 c5 27. Rc1
cxd4 28. Bc4 Qa8 29. Qxa8 Rxa8 30. Bxd4 Red8 31. Bb6 Rd2 32. b3 Bd8 33. Be3 Ra2
34. Rb5 Be7 35. Rb7 Kf8 36. Re1 Rc8 37. Bf4 Ng8 38. Bd6 1-0

[Event "44º Torneo Internacional de Ajedrez de La Roda"]
[Site "La Roda (Albacete) - ESPAÑA"]
[Date "2017.04.13"]
[Round "2"]
[Board "7"]
[White "Diez Fraile, David"]
[Black "Peralta, Fernando"]
[Result "0-1"]
[WhiteElo "2149"]
[BlackElo "2565"]
[PlyCount "58"]
[EventDate "2017.04.12"]
[EventRounds "9"]
[EventCountry "ESP"]

1. e4 d6 2. d4 Nf6 3. Nc3 g6 4. Nf3 Bg7 5. Be2 O-O 6. O-O c6 7. a4 Nbd7 8. h3
Qc7 9. Be3 b6 10. Qd2 Bb7 11. Rad1 Rad8 12. Rfe1 a6 13. Bf1 Rfe8 14. Bh6 e5 15.
Bxg7 Kxg7 16. dxe5 dxe5 17. Qe3 b5 18. b4 Nf8 19. a5 Ne6 20. Na2 c5 21. c4 Rxd1
22. Rxd1 bxc4 23. Bxc4 cxb4 24. Bxe6 Rxe6 25. Nxb4 Nxe4 26. Nd5 Qc2 27. Rc1 Qb2
28. Nc7 Re7 29. Ng5 Nxf2 0-1

[Event "44º Torneo Internacional de Ajedrez de La Roda"]
[Site "La Roda (Albacete) - ESPAÑA"]
[Date "2017.04.13"]
[Round "2"]
[Board "8"]
[White "Guerra Mendez, Jose Angel"]
[Black "Garcia Dorado, Alberto"]
[Result "1-0"]
[WhiteElo "2542"]
[BlackElo "2133"]
[PlyCount "121"]
[EventDate "2017.04.12"]
[EventRounds "9"]
[EventCountry "ESP"]

1. e4 e6 2. d4 d5 3. Nc3 Nf6 4. e5 Nfd7 5. f4 c5 6. Nf3 Nc6 7. Be3 cxd4 8. Nxd4
Bc5 9. Qd2 Bxd4 10. Bxd4 Nxd4 11. Qxd4 Qb6 12. O-O-O Qxd4 13. Rxd4 a6 14. h4 h5
15. Rh3 g6 16. b3 Nb8 17. Na4 Nc6 18. Rd1 Ke7 19. Nb6 Rb8 20. Kb2 Rd8 21. Rhd3
f6 22. exf6+ Kxf6 23. g3 Rd6 24. R3d2 Ne7 25. Nc4 Rd8 26. Ne5 Nc6 27. Re1 Bd7
28. Bd3 Nxe5 29. fxe5+ Kg7 30. Rf2 Rf8 31. Ref1 Rxf2 32. Rxf2 Be8 33. Kc3 a5
34. Rf6 Bf7 35. Kd4 b6 36. a4 Rc8 37. c3 Rb8 38. Bb5 Rb7 39. b4 Rc7 40. Rf2 Rc8
41. bxa5 bxa5 42. Rb2 Rc7 43. Bd3 Be8 44. Rb6 Kf7 45. Bb5 Bxb5 46. axb5 Rc4+
47. Kd3 a4 48. Ra6 g5 49. b6 Rc8 50. Rxa4 gxh4 51. gxh4 Rb8 52. Rb4 Kg6 53. Kd4
Kf5 54. b7 Kf4 55. Kc5+ Kxe5 56. Kc6 Kf5 57. Kc7 Rf8 58. b8=Q Rxb8 59. Rxb8 e5
60. Kd6 d4 61. c4 1-0

[Event "44º Torneo Internacional de Ajedrez de La Roda"]
[Site "La Roda (Albacete) - ESPAÑA"]
[Date "2017.04.13"]
[Round "2"]
[Board "9"]
[White "Torres Boch, Jose F."]
[Black "Forcen Esteban, Daniel"]
[Result "0-1"]
[WhiteElo "2130"]
[BlackElo "2530"]
[PlyCount "124"]
[EventDate "2017.04.12"]
[EventRounds "9"]
[EventCountry "ESP"]

1. d4 e6 2. c4 d5 3. Nc3 c6 4. e3 Bd6 5. Nf3 f5 6. Ne5 Nf6 7. Be2 O-O 8. O-O
Ne4 9. f4 Nd7 10. Nxe4 dxe4 11. Bd2 g5 12. Qe1 Nxe5 13. fxe5 Be7 14. Bb4 b6 15.
Bxe7 Qxe7 16. Rc1 c5 17. Qc3 Bb7 18. Rcd1 Rae8 19. dxc5 bxc5 20. Rd6 Qg7 21.
Rfd1 Qg6 22. Qa5 f4 23. Qc7 f3 24. Bf1 Bc8 25. Rd8 Qf7 26. Qxf7+ Kxf7 27. Rxe8
Rxe8 28. g4 Ke7 29. a3 h5 30. h3 hxg4 31. hxg4 Rh8 32. b4 Rh4 33. bxc5 Rxg4+
34. Kf2 Rh4 35. c6 g4 36. c5 Rh2+ 37. Kg3 Rc2 38. Kxg4 Rxc5 39. Kf4 Rxc6 40.
Kxe4 Bb7 41. Kf4 Rc3 42. a4 Rb3 43. Bb5 Bd5 44. e4 Rb4 45. Kxf3 Rxe4 46. Kf2
Rxe5 47. Rg1 Rf5+ 48. Ke2 Rf7 49. Rg8 Kd6 50. Ke3 Rh7 51. Bd3 Rh3+ 52. Kd2 Rh4
53. a5 Ra4 54. a6 Bc4 55. Bxc4 Rxc4 56. Ra8 Rc7 57. Kd3 Kc5 58. Ke4 Kb6 59. Ke5
Rc6 60. Re8 Kxa6 61. Rxe6 Rxe6+ 62. Kxe6 Kb5 0-1

[Event "44º Torneo Internacional de Ajedrez de La Roda"]
[Site "La Roda (Albacete) - ESPAÑA"]
[Date "2017.04.13"]
[Round "2"]
[Board "10"]
[White "Lacruz Algarate, Alvaro"]
[Black "Burmakin, Vladimir"]
[Result "0-1"]
[WhiteElo "2121"]
[BlackElo "2518"]
[PlyCount "68"]
[EventDate "2017.04.12"]
[EventRounds "9"]
[EventCountry "ESP"]

1. e4 c6 2. d4 d5 3. Nd2 g6 4. Ngf3 Bg7 5. c3 Nh6 6. Bd3 O-O 7. O-O Nd7 8. Re1
Re8 9. Qb3 Nf6 10. a4 Qb6 11. Qa3 a5 12. e5 Nd7 13. e6 fxe6 14. Rxe6 Qd8 15.
Re1 Nf7 16. c4 e5 17. cxd5 cxd5 18. dxe5 Ndxe5 19. Bb5 Bd7 20. Qc5 Rc8 21. Qxd5
Nxf3+ 22. Nxf3 Rxe1+ 23. Nxe1 Bxb5 24. Qxd8+ Rxd8 25. axb5 Rd1 26. Kf1 Bh6 27.
Ke2 Rxc1 28. Rxa5 Nd6 29. Nd3 Rc2+ 30. Kf3 Kf7 31. b4 Bg7 32. b6 Rc6 33. Ra8
Rxb6 34. Rd8 Ke7 0-1

[Event "44º Torneo Internacional de Ajedrez de La Roda"]
[Site "La Roda (Albacete) - ESPAÑA"]
[Date "2017.04.13"]
[Round "2"]
[Board "11"]
[White "Alonso Garcia, Aaron"]
[Black "Cifuentes Parada, Roberto"]
[Result "0-1"]
[WhiteElo "2119"]
[BlackElo "2467"]
[PlyCount "76"]
[EventDate "2017.04.12"]
[EventRounds "9"]
[EventCountry "ESP"]

1. e4 d6 2. d4 Nf6 3. Nc3 e5 4. Nf3 Nbd7 5. Bc4 Be7 6. O-O O-O 7. Re1 a6 8. a4
b6 9. b3 c6 10. Ba3 Bb7 11. dxe5 dxe5 12. Bd6 b5 13. Bf1 Re8 14. Qd2 b4 15. Nd1
c5 16. Bxe7 Qxe7 17. Bd3 c4 18. Bxc4 Nxe4 19. Qe3 Nd6 20. Nb2 e4 21. Rad1 Qf6
22. Nd4 Ne5 23. Bf1 Rac8 24. Qg3 h5 25. Qh3 g6 26. Qe3 Ng4 27. Qd2 e3 28. fxe3
Ne4 29. Qe2 Nc3 30. Qd2 Nxd1 31. Nxd1 Qd6 32. g3 Rcd8 33. Nf2 Qd5 34. h3 Nxf2
35. Kxf2 Qh1 36. Re2 Qh2+ 37. Ke1 Qxg3+ 38. Kd1 Bf3 0-1

[Event "44º Torneo Internacional de Ajedrez de La Roda"]
[Site "La Roda (Albacete) - ESPAÑA"]
[Date "2017.04.13"]
[Round "2"]
[Board "12"]
[White "Suarez Gomez, Julio"]
[Black "Perez Garcia, Roberto"]
[Result "1-0"]
[WhiteElo "2460"]
[BlackElo "2113"]
[PlyCount "59"]
[EventDate "2017.04.12"]
[EventRounds "9"]
[EventCountry "ESP"]

1. e4 e6 2. d4 d5 3. Nc3 Bb4 4. e5 c5 5. Bd2 Ne7 6. a3 Bxc3 7. Bxc3 b6 8. b4
Qc7 9. Nf3 cxb4 10. Bxb4 Nbc6 11. Bd6 Qd7 12. Bd3 Nf5 13. Bxf5 exf5 14. O-O Na5
15. Bb4 Nc6 16. Bd6 Na5 17. Re1 Qc6 18. Ng5 Be6 19. Qh5 Qd7 20. a4 Nc4 21. a5
g6 22. Qh4 Nxd6 23. exd6 O-O-O 24. c4 dxc4 25. axb6 axb6 26. Nxe6 fxe6 27. d5
Rhe8 28. Qxc4+ Kb8 29. dxe6 Qxd6 30. Qa4 1-0

[Event "44º Torneo Internacional de Ajedrez de La Roda"]
[Site "La Roda (Albacete) - ESPAÑA"]
[Date "2017.04.13"]
[Round "2"]
[Board "13"]
[White "Perez Gisbert, Santiago"]
[Black "Moreno Ruiz, Javier"]
[Result "0-1"]
[WhiteElo "2110"]
[BlackElo "2454"]
[PlyCount "48"]
[EventDate "2017.04.12"]
[EventRounds "9"]
[EventCountry "ESP"]

1. e4 e6 2. d4 d5 3. Bd3 dxe4 4. Bxe4 Nf6 5. Bf3 Nbd7 6. Ne2 Bd6 7. O-O O-O 8.
Nbc3 e5 9. Be3 Re8 10. g3 exd4 11. Nxd4 Ne5 12. Bg2 Bg4 13. Qc1 Qc8 14. Re1 c5
15. Ndb5 Nf3+ 16. Kh1 Be5 17. Rf1 a6 18. Na3 Qf5 19. h4 Nxh4 20. f4 Nxg2 21.
fxe5 Qh5+ 22. Kxg2 Qh3+ 23. Kf2 Ne4+ 24. Nxe4 Qh2+ 0-1

[Event "44º Torneo Internacional de Ajedrez de La Roda"]
[Site "La Roda (Albacete) - ESPAÑA"]
[Date "2017.04.13"]
[Round "2"]
[Board "14"]
[White "Espinosa Aranda, Angel"]
[Black "Axpe Balenciaga, Inigo"]
[Result "1-0"]
[WhiteElo "2446"]
[BlackElo "2110"]
[PlyCount "93"]
[EventDate "2017.04.12"]
[EventRounds "9"]
[EventCountry "ESP"]

1. e4 c6 2. d4 g6 3. Nc3 d5 4. Be3 Bg7 5. Qd2 h5 6. Nf3 Nf6 7. Bd3 dxe4 8. Nxe4
Nxe4 9. Bxe4 Be6 10. Bd3 Nd7 11. O-O Nb6 12. b3 Nd5 13. Rae1 Qd7 14. Bg5 O-O-O
15. c4 Nc7 16. Be3 Bf5 17. Be2 Kb8 18. Rd1 h4 19. Qa5 b6 20. Qc3 Bg4 21. Ne5
Bxe5 22. dxe5 Qe6 23. f3 Bf5 24. a4 f6 25. a5 Qxe5 26. Qxe5 fxe5 27. axb6 axb6
28. Bxb6 Bc2 29. Rc1 Rd2 30. Rfe1 Bd3 31. Bxd3 Rxd3 32. Rxe5 Rxb3 33. Bxc7+
Kxc7 34. Rxe7+ Kd6 35. Rg7 Rh6 36. c5+ Ke5 37. h3 Rb2 38. Re7+ Kf4 39. Rc4+ Kf5
40. Rce4 Rh8 41. Rf7+ Kg5 42. Rg4+ Kh5 43. Rff4 Ra8 44. Rxh4+ Kg5 45. Rhg4+ Kh5
46. Rf7 g5 47. Rf5 1-0

[Event "44º Torneo Internacional de Ajedrez de La Roda"]
[Site "La Roda (Albacete) - ESPAÑA"]
[Date "2017.04.13"]
[Round "2"]
[Board "15"]
[White "Garcia Porlan, Beatriz"]
[Black "Campora, Daniel H."]
[Result "0-1"]
[WhiteElo "2108"]
[BlackElo "2439"]
[PlyCount "64"]
[EventDate "2017.04.12"]
[EventRounds "9"]
[EventCountry "ESP"]

1. e4 d6 2. d4 Nf6 3. Nc3 e5 4. Nf3 Nbd7 5. Bc4 Be7 6. O-O O-O 7. a4 a5 8. Re1
c6 9. b3 h6 10. Bb2 Re8 11. Bd3 Bf8 12. Ne2 exd4 13. Nexd4 Nc5 14. e5 Nxd3 15.
Qxd3 dxe5 16. Nxe5 Bb4 17. Bc3 Qc7 18. Bxb4 axb4 19. Nc4 Bd7 20. Qg3 Qxg3 21.
hxg3 c5 22. Nf3 Be6 23. Nfe5 Rad8 24. f3 Bf5 25. Re2 h5 26. Kf1 Nd5 27. Rd1 Nc3
28. Rxd8 Rxd8 29. Rd2 Rxd2 30. Nxd2 Bxc2 31. Nd7 c4 32. Nxc4 Bd3+ 0-1

[Event "44º Torneo Internacional de Ajedrez de La Roda"]
[Site "La Roda (Albacete) - ESPAÑA"]
[Date "2017.04.13"]
[Round "2"]
[Board "16"]
[White "Iruzubieta Villaluenga, Jesus"]
[Black "Del Amo Carbo, Jordi"]
[Result "1-0"]
[WhiteElo "2434"]
[BlackElo "2106"]
[PlyCount "67"]
[EventDate "2017.04.12"]
[EventRounds "9"]
[EventCountry "ESP"]

1. e4 e5 2. Nf3 Nc6 3. d4 exd4 4. Nxd4 Bc5 5. Nxc6 Qf6 6. Qf3 dxc6 7. Nc3 Be6
8. Qg3 O-O-O 9. Be3 Bxe3 10. Qxe3 Kb8 11. Bd3 Ne7 12. f4 Rhe8 13. O-O Bc8 14.
Rae1 Nd5 15. Nxd5 cxd5 16. e5 Qb6 17. Qxb6 axb6 18. f5 Re7 19. f6 gxf6 20. Rxf6
Rh8 21. Rh6 c5 22. Rxh7 Rxh7 23. Bxh7 f6 24. Bg8 d4 25. e6 Kc7 26. Kf2 Kd6 27.
Kf3 Bxe6 28. Bxe6 Rxe6 29. Rxe6+ Kxe6 30. a4 Kf5 31. b3 Kg5 32. g3 Kf5 33. h4
Ke5 34. g4 1-0

[Event "44º Torneo Internacional de Ajedrez de La Roda"]
[Site "La Roda (Albacete) - ESPAÑA"]
[Date "2017.04.13"]
[Round "2"]
[Board "17"]
[White "Fernandez Aguilar, Francisco"]
[Black "Suarez Uriel, Adrian"]
[Result "1-0"]
[WhiteElo "2104"]
[BlackElo "2411"]
[PlyCount "169"]
[EventDate "2017.04.12"]
[EventRounds "9"]
[EventCountry "ESP"]

1. d4 Nf6 2. Nf3 g6 3. g3 Bg7 4. Bg2 O-O 5. O-O d6 6. a4 a5 7. Nc3 c6 8. e4
Nfd7 9. Qe2 Qc7 10. Re1 e5 11. dxe5 dxe5 12. b3 Na6 13. Ba3 Re8 14. Rad1 Nb4
15. Nb1 b6 16. Bxb4 axb4 17. Bh3 Bf8 18. Qd2 Nc5 19. Bxc8 Qxc8 20. Qg5 Qe6 21.
Kg2 h5 22. Qe3 f6 23. Nbd2 Rad8 24. Qe2 Nd7 25. Qc4 Kf7 26. Qxe6+ Kxe6 27. Nh4
g5 28. Nf5 Nc5 29. f3 Rd7 30. Nc4 Red8 31. Nfe3 Rxd1 32. Rxd1 Rxd1 33. Nxd1 Nd7
34. Nde3 Bc5 35. Nf5 Nf8 36. Nb2 Bd4 37. Nd3 Bc3 38. h3 Kd7 39. Ng7 h4 40. gxh4
gxh4 41. Nf5 Ne6 42. Kf2 Ke8 43. Kg2 Kf7 44. Kf2 c5 45. Nc1 Bd4+ 46. Kf1 Nf4
47. Nxh4 Nxh3 48. Ne2 Bb2 49. Nf5 Ke6 50. Ne3 Ng5 51. Kg2 Bd4 52. Nc4 Kd7 53.
Nxb6+ Kc6 54. Nd5 Ne6 55. Nxf6 c4 56. Nd5 cxb3 57. cxb3 Bc5 58. f4 exf4 59.
Ndxf4 Ng5 60. Ng3 Bd6 61. Nd3 Bxg3 62. Kxg3 Nxe4+ 63. Kf4 Nd2 64. Nc1 Kb6 65.
Ke3 Nb1 66. Na2 Kc5 67. Kd3 Na3 68. Nc1 Nb1 69. Ne2 Na3 70. Nd4 Kd5 71. Nc2
Nxc2 72. Kxc2 Ke4 73. Kc1 Kd5 74. Kd1 Ke5 75. Ke1 Kd5 76. Kf2 Kd4 77. Kf3 Kd5
78. Kf4 Kd4 79. Kg5 Kc5 80. Kg6 Kc6 81. Kg5 Kc5 82. Kg4 Kd5 83. Kf5 Kd4 84. Ke6
Ke4 85. a5 1-0

[Event "44º Torneo Internacional de Ajedrez de La Roda"]
[Site "La Roda (Albacete) - ESPAÑA"]
[Date "2017.04.13"]
[Round "2"]
[Board "18"]
[White "Ramiro Ovejero, Juan Luis"]
[Black "Rodriguez Garcia, Carlos"]
[Result "1-0"]
[WhiteElo "2398"]
[BlackElo "2093"]
[PlyCount "85"]
[EventDate "2017.04.12"]
[EventRounds "9"]
[EventCountry "ESP"]

1. e4 e6 2. d4 d5 3. Nd2 Nf6 4. e5 Ne4 5. Bd3 Nxd2 6. Bxd2 c5 7. Qg4 cxd4 8.
Nf3 Nc6 9. O-O Qc7 10. Rfe1 Bd7 11. c3 dxc3 12. Bxc3 O-O-O 13. Rac1 Kb8 14. b4
Rc8 15. b5 Na5 16. Ng5 Be8 17. Nxh7 Ba3 18. Bb2 Bc5 19. Bd4 Nc4 20. Bxc5 Qxc5
21. Qxg7 Bxb5 22. Nf6 Qe7 23. Qg3 Rc7 24. h4 Qf8 25. h5 Qh6 26. f4 Rhc8 27. Qg5
Qh8 28. h6 Na3 29. Rxc7 Rxc7 30. Qg7 Rc8 31. Bxb5 Nxb5 32. Qxh8 Rxh8 33. h7 Nc3
34. Kf2 Ne4+ 35. Nxe4 dxe4 36. Rh1 Kc7 37. Ke3 Kd7 38. g4 b5 39. Kxe4 a6 40. f5
exf5+ 41. gxf5 a5 42. Kd5 b4 43. Kc5 1-0

[Event "44º Torneo Internacional de Ajedrez de La Roda"]
[Site "La Roda (Albacete) - ESPAÑA"]
[Date "2017.04.13"]
[Round "2"]
[Board "19"]
[White "Ramos Del Campo, Alexander"]
[Black "Trigo Urquijo, Sergio"]
[Result "0-1"]
[WhiteElo "2085"]
[BlackElo "2397"]
[PlyCount "98"]
[EventDate "2017.04.12"]
[EventRounds "9"]
[EventCountry "ESP"]

1. e4 d6 2. d4 Nf6 3. Nc3 e5 4. Nf3 Nbd7 5. Bc4 Be7 6. O-O O-O 7. Re1 a6 8. a4
b6 9. Bd3 Bb7 10. b3 Re8 11. Bb2 Bf8 12. dxe5 dxe5 13. Qe2 c6 14. Red1 Qe7 15.
Nb1 g6 16. Nbd2 b5 17. Nf1 Nh5 18. g3 f6 19. Qd2 Nc5 20. Ba3 Ng7 21. Bxc5 Qxc5
22. c4 b4 23. Bc2 Ne6 24. Qd7 a5 25. Qd2 Qb6 26. Ne3 Qc7 27. Ng4 Qg7 28. Qe2
Bc8 29. Ne3 Bc5 30. Rd2 Ra7 31. Rad1 h5 32. Kg2 Qh6 33. Bb1 Rae7 34. Nc2 Qg7
35. Nce1 Qh6 36. Nd3 Bd4 37. Nde1 Rh7 38. Rd3 h4 39. Kh1 hxg3 40. fxg3 Nc5 41.
Nxd4 Nxd3 42. Rxd3 exd4 43. Rxd4 c5 44. Rd6 Bb7 45. Kg1 Rhe7 46. Qf2 Bxe4 47.
Bxe4 Rxe4 48. Nf3 Qc1+ 49. Qf1 Re1 0-1

[Event "44º Torneo Internacional de Ajedrez de La Roda"]
[Site "La Roda (Albacete) - ESPAÑA"]
[Date "2017.04.13"]
[Round "2"]
[Board "20"]
[White "Collado Barbas, Laura"]
[Black "Pilgaard, Kim"]
[Result "0-1"]
[WhiteElo "2085"]
[BlackElo "2381"]
[PlyCount "68"]
[EventDate "2017.04.12"]
[EventRounds "9"]
[EventCountry "ESP"]

1. d4 Nf6 2. c4 e6 3. Nc3 Bb4 4. Qc2 Nc6 5. Nf3 d6 6. a3 Bxc3+ 7. Qxc3 O-O 8.
b4 e5 9. dxe5 Nxe5 10. Nxe5 dxe5 11. Bb2 Re8 12. h3 b6 13. Rd1 Qe7 14. Qf3 Rb8
15. e4 a5 16. b5 Nd7 17. Bd3 Nc5 18. Bc2 Be6 19. Qe2 Qg5 20. g3 f6 21. a4 Rbd8
22. Rd5 Bxd5 23. cxd5 f5 24. h4 Qe7 25. f3 fxe4 26. fxe4 Nxa4 27. Bxa4 Qb4+ 28.
Kf2 Qxa4 29. Rc1 Rd7 30. Kg2 Rf7 31. Qg4 Qxb5 32. Ba1 Qd3 33. Rd1 Qc2+ 34. Kh1
Rf2 0-1

[Event "44º Torneo Internacional de Ajedrez de La Roda"]
[Site "La Roda (Albacete) - ESPAÑA"]
[Date "2017.04.13"]
[Round "3"]
[Board "1"]
[White "Gharamian, Tigran"]
[Black "Chueca Forcen, Alberto"]
[Result "1-0"]
[WhiteElo "2625"]
[BlackElo "2356"]
[PlyCount "177"]
[EventDate "2017.04.12"]
[EventRounds "9"]
[EventCountry "ESP"]

1. e4 e5 2. Nf3 Nc6 3. Bb5 Nf6 4. d3 Bc5 5. Bxc6 dxc6 6. Qe2 Nd7 7. Nbd2 O-O 8.
Nc4 Qe7 9. h4 Re8 10. h5 f6 11. Nh4 Nf8 12. Ne3 Bxe3 13. Bxe3 c5 14. O-O b6 15.
f4 f5 16. Qf2 fxe4 17. dxe4 exf4 18. Bxf4 Ba6 19. Rfe1 Ne6 20. Be3 Qf7 21.
Qxf7+ Kxf7 22. Rad1 Rad8 23. Nf3 Kg8 24. Rxd8 Rxd8 25. Kf2 Bb7 26. Bc1 Re8 27.
h6 c4 28. hxg7 Kxg7 29. e5 Nc5 30. Bf4 Bd5 31. Nd4 Rf8 32. g3 Ne6 33. Nxe6+
Bxe6 34. Rd1 Kf7 35. Ke3 Re8 36. Rd2 Re7 37. Rh2 Ke8 38. Ke4 Rf7 39. c3 c6 40.
Rh6 Kd7 41. Kd4 Rg7 42. Ke3 Rf7 43. Bg5 Rg7 44. Kf4 Rf7+ 45. Bf6 a5 46. a3 Bd5
47. Rh5 Ke6 48. Rh2 b5 49. Rh6 Kd7 50. Kf5 Be6+ 51. Kg5 Bd5 52. Kf4 Be6 53. Ke4
a4 54. Rh5 Bd5+ 55. Ke3 Be6 56. Kf4 Bd5 57. Rh2 Ke6 58. g4 Kd7 59. Kg5 Ke6 60.
Kf4 Kd7 61. g5 Ke6 62. Rh6 Kd7 63. Rh5 Ke6 64. Rh4 Kd7 65. Ke3 Ke6 66. Kd4 Kd7
67. Kc5 Kc7 68. Rh6 Rd7 69. e6 Bxe6 70. Be5+ Kb7 71. Rxe6 Rd5+ 72. Kb4 Kb6 73.
Bd4+ Kc7 74. Re7+ Kd6 75. Rxh7 Rxg5 76. Bc5+ Kd5 77. Rd7+ Ke4 78. Rd4+ Kf3 79.
Rd6 Rg2 80. Rxc6 Rxb2+ 81. Ka5 Ke4 82. Bb4 Kd3 83. Kxb5 Rg2 84. Kxa4 Rg5 85.
Rd6+ Kc2 86. Rd4 Rg8 87. Rxc4 Ra8+ 88. Kb5 Kb3 89. Rc6 1-0

[Event "44º Torneo Internacional de Ajedrez de La Roda"]
[Site "La Roda (Albacete) - ESPAÑA"]
[Date "2017.04.13"]
[Round "3"]
[Board "2"]
[White "Quintin Navarro, Alberto"]
[Black "Andriasian, Zaven"]
[Result "0-1"]
[WhiteElo "2349"]
[BlackElo "2615"]
[PlyCount "70"]
[EventDate "2017.04.12"]
[EventRounds "9"]
[EventCountry "ESP"]

1. c4 e5 2. g3 Nc6 3. Bg2 Nf6 4. Nc3 Bb4 5. Nd5 O-O 6. Nxb4 Nxb4 7. a3 Nc6 8.
d3 d5 9. cxd5 Nxd5 10. Nf3 Bg4 11. h3 Bh5 12. O-O Qd7 13. Kh2 Rfe8 14. e3 Rad8
15. Qb3 Nb6 16. g4 Bg6 17. Rd1 e4 18. Nh4 exd3 19. Nxg6 hxg6 20. Bd2 Ne5 21.
Rac1 c5 22. Kg1 c4 23. Qa2 Qb5 24. Bc3 Nc6 25. Bxc6 bxc6 26. Rd2 Re4 27. Qa1 f6
28. b3 cxb3 29. Bxf6 Rd7 30. Rcd1 gxf6 31. Qxf6 Kh7 32. Rxd3 Nd5 33. Qb2 Rb7
34. Rd4 Rxd4 35. Rxd4 Qc5 0-1

[Event "44º Torneo Internacional de Ajedrez de La Roda"]
[Site "La Roda (Albacete) - ESPAÑA"]
[Date "2017.04.13"]
[Round "3"]
[Board "3"]
[White "Baklan, Vladimir"]
[Black "Garcia Martin, Marta"]
[Result "1-0"]
[WhiteElo "2600"]
[BlackElo "2323"]
[PlyCount "71"]
[EventDate "2017.04.12"]
[EventRounds "9"]
[EventCountry "ESP"]

1. e4 c5 2. Nf3 e6 3. d4 cxd4 4. Nxd4 Nc6 5. Nc3 Qc7 6. f4 a6 7. Nxc6 bxc6 8.
Bd3 d5 9. O-O Nf6 10. Qe2 Be7 11. Bd2 O-O 12. Rae1 Re8 13. e5 Nd7 14. Na4 Nc5
15. Nxc5 Bxc5+ 16. Kh1 g6 17. c4 Rb8 18. b3 a5 19. Rc1 Qb6 20. Be1 Ba6 21. Bh4
a4 22. Rf3 axb3 23. axb3 Be7 24. Qe1 Qb4 25. Bxe7 Qxe1+ 26. Rxe1 Rxe7 27. cxd5
Bxd3 28. d6 Reb7 29. Rxd3 Rxb3 30. Rxb3 Rxb3 31. Kg1 Rd3 32. Rc1 Kg7 33. Rxc6
h6 34. Kf2 g5 35. Ke2 Rd5 36. Rc3 1-0

[Event "44º Torneo Internacional de Ajedrez de La Roda"]
[Site "La Roda (Albacete) - ESPAÑA"]
[Date "2017.04.13"]
[Round "3"]
[Board "4"]
[White "Alshameary Puente, Ismael"]
[Black "Korneev, Oleg"]
[Result "0-1"]
[WhiteElo "2317"]
[BlackElo "2594"]
[PlyCount "95"]
[EventDate "2017.04.12"]
[EventRounds "9"]
[EventCountry "ESP"]

1. d4 d5 2. c4 c6 3. Nf3 Nf6 4. Nc3 dxc4 5. a4 Bf5 6. Ne5 Nbd7 7. Nxc4 Nb6 8.
Ne5 a5 9. f3 Nfd7 10. e4 Nxe5 11. dxe5 Qxd1+ 12. Kxd1 Be6 13. Kc2 Nd7 14. Be2
f6 15. f4 fxe5 16. f5 Bf7 17. Be3 e6 18. Bc4 exf5 19. Bxf7+ Kxf7 20. Rad1 Nf6
21. exf5 Bb4 22. Rhe1 Rad8 23. Bg5 h6 24. Bh4 Rd4 25. Bg3 Bxc3 26. bxc3 Rxa4
27. Kb3 Rg4 28. Rxe5 a4+ 29. Ka3 Nd5 30. Rb1 b5 31. Rxb5 cxb5 32. Rxd5 Rxg3 33.
hxg3 Rc8 34. Kb2 a3+ 35. Kb3 a2 36. Rd1 Kf6 37. g4 Rc4 38. Rd6+ Ke7 39. Re6+
Kf7 40. Kxa2 Rxc3 41. Rg6 Rg3 42. Kb2 Rxg2+ 43. Kc3 h5 44. Rb6 Rxg4 45. Rxb5
Kf6 46. Kd3 Rf4 47. Ke3 Rxf5 48. Kd4 0-1

[Event "44º Torneo Internacional de Ajedrez de La Roda"]
[Site "La Roda (Albacete) - ESPAÑA"]
[Date "2017.04.13"]
[Round "3"]
[Board "5"]
[White "Vorobiov, Evgeny E."]
[Black "Quirhuayo Chumbe, German Gonza"]
[Result "1-0"]
[WhiteElo "2584"]
[BlackElo "2291"]
[PlyCount "121"]
[EventDate "2017.04.12"]
[EventRounds "9"]
[EventCountry "ESP"]

1. Nf3 Nf6 2. g3 g6 3. Bg2 Bg7 4. O-O O-O 5. d4 d6 6. c4 Nc6 7. Nc3 a6 8. Bf4
Bf5 9. Rc1 Ne4 10. Nxe4 Bxe4 11. d5 Bxf3 12. Bxf3 Ne5 13. Bg2 c5 14. dxc6 Nxc6
15. Qd2 Qb6 16. b3 Rfd8 17. Rfd1 a5 18. Rb1 Qa6 19. Be3 Rab8 20. Rdc1 Ne5 21.
a4 Nc6 22. Rd1 e6 23. Bf4 Rbc8 24. Qe3 Nb4 25. Rbc1 Rd7 26. Bh6 Bh8 27. h4 Rcd8
28. Bf3 Nc6 29. Rd2 Ne5 30. Rcd1 Nxf3+ 31. Qxf3 Qb6 32. Rd3 Bg7 33. Bg5 Rc8 34.
Kg2 h6 35. Be3 Qd8 36. Bf4 Rc6 37. e4 f6 38. Be3 Bf8 39. Bc1 Qe8 40. Qxf6 Bg7
41. Qf3 Qf7 42. Qxf7+ Kxf7 43. Ba3 Ke7 44. f4 e5 45. Rd5 Ke6 46. Rxa5 Rf7 47.
Kf3 exf4 48. gxf4 Be5 49. Bc1 Rc8 50. Rg1 Rf6 51. Rxg6 Rxg6 52. f5+ Kf6 53.
fxg6 Kxg6 54. Rb5 Rf8+ 55. Ke2 Rf7 56. c5 dxc5 57. Rxc5 Re7 58. h5+ Kh7 59. Rb5
Bf6 60. Be3 Kg7 61. Rb6 1-0

[Event "44º Torneo Internacional de Ajedrez de La Roda"]
[Site "La Roda (Albacete) - ESPAÑA"]
[Date "2017.04.13"]
[Round "3"]
[Board "6"]
[White "Lopez Mulet, Inigo"]
[Black "Perez Candelario, Manuel"]
[Result "1/2-1/2"]
[WhiteElo "2301"]
[BlackElo "2576"]
[PlyCount "88"]
[EventDate "2017.04.12"]
[EventRounds "9"]
[EventCountry "ESP"]

1. d4 d6 2. Nf3 g6 3. c4 Bg7 4. g3 Nd7 5. Bg2 e5 6. Nc3 Ne7 7. O-O O-O 8. e3
exd4 9. Nxd4 Nb6 10. b3 c5 11. Nde2 d5 12. Ba3 Bg4 13. f3 Be6 14. Bxc5 Rc8 15.
Ba3 Nf5 16. Bxf8 Qxf8 17. cxd5 Nxe3 18. Qd3 Nbxd5 19. Nxd5 Nxf1 20. Rxf1 Rd8
21. Nef4 Bxd5 22. Nxd5 Qc5+ 23. Kh1 Qxd5 24. Qxd5 Rxd5 25. f4 Rd7 26. Bf3 Bf6
27. Rd1 Rc7 28. Rd2 b5 29. a4 bxa4 30. bxa4 Kf8 31. Kg2 h6 32. Be2 Bc3 33. Rc2
Ke7 34. Kf3 f5 35. Bb5 g5 36. Ke2 Kf6 37. Kd3 Ba5 38. Rxc7 Bxc7 39. Ke3 g4 40.
Ke2 h5 41. Bd7 h4 42. Kf1 h3 43. Bc8 Bb6 44. Bd7 Be3 1/2-1/2